Etsi 20 satunnaista puuttuvaa valtiota maailmankartalla - Statistics

Yleistilastot
  • Tätä visaa on pelattu 1 663 kertaa
  • Keskiarvotulos 13 / 20
Vastaukset kartalla
Vastauksille on annettu kartalla punavihreä väri sen mukaan, kuinka moni on saanut sen oikein.
 
Vastaustilastot
Valtiot % Oikein
Venäjä
100%
Yhdysvallat
100%
Kanada
99%
Puola
98%
Argentiina
97%
Kazakstan
97%
Romania
97%
Saksa
97%
Ukraina
97%
Kiina
96%
Ranska
95%
Ruotsi
95%
Egypti
94%
Italia
94%
Itävalta
94%
Suomi
94%
Meksiko
93%
Brasilia
92%
Kolumbia
92%
Mongolia
92%
Bolivia
91%
Kongon demokraattinen tasavalta
91%
Libya
91%
Valko-Venäjä
91%
Panama
89%
Paraguay
89%
Algeria
88%
Nigeria
88%
Venezuela
88%
Belgia
87%
Australia
86%
Espanja
86%
Sveitsi
86%
Tšekki
86%
Turkki
86%
Unkari
86%
Intia
85%
Iran
85%
Nepal
85%
Saudi-Arabia
85%
Niger
84%
Peru
84%
Pakistan
83%
Afganistan
82%
Slovakia
82%
Japani
81%
Liettua
81%
Namibia
81%
Etelä-Sudan
79%
Kreikka
79%
Serbia
79%
Sudan
79%
Tanska
79%
Norja
78%
Chile
77%
Etelä-Afrikka
77%
Indonesia
77%
Kenia
77%
Keski-Afrikan tasavalta
77%
Latvia
77%
Uruguay
77%
Yhdistynyt kuningaskunta
77%
Bulgaria
76%
Etiopia
76%
Uzbekistan
76%
Irak
74%
Ecuador
73%
Kroatia
73%
Mali
73%
Myanmar
73%
Etelä-Korea
72%
Laos
72%
Mauritania
72%
Portugali
72%
Senegal
72%
Tšad
72%
Nicaragua
71%
Eritrea
70%
Moldova
70%
Thaimaa
70%
Tunisia
70%
Angola
69%
Tansania
69%
Uusi-Seelanti
69%
Viro
69%
Botswana
68%
Costa Rica
68%
Marokko
68%
Zimbabwe
68%
Armenia
67%
Guyana
67%
Guatemala
66%
Pohjois-Makedonia
66%
Slovenia
66%
Uganda
66%
Bosnia ja Hertsegovina
65%
Georgia
65%
Ghana
65%
Pohjois-Korea
65%
Islanti
64%
Kirgisia
64%
Kosovo
64%
Suriname
64%
Kamerun
63%
Kongon tasavalta
63%
Sambia
63%
Oman
62%
Mosambik
61%
Norsunluurannikko
61%
Benin
60%
Jemen
59%
Togo
59%
Jordania
58%
Lesotho
58%
Azerbaidžan
57%
Burkina Faso
57%
Irlanti
57%
Syyria
57%
Honduras
56%
Turkmenistan
56%
Vietnam
56%
Guinea
55%
Kambodža
54%
Taiwan
54%
Alankomaat
52%
Gabon
52%
Tadžikistan
52%
Malawi
49%
Malesia
48%
Sri Lanka
48%
Bangladesh
47%
Somalia
47%
Swazimaa
47%
Madagaskar
45%
Albania
44%
Burundi
43%
Papua-Uusi-Guinea
43%
Filippiinit
42%
Kuuba
42%
Ruanda
42%
Guinea-Bissau
41%
Haiti
40%
Liberia
40%
Sierra Leone
40%
Malediivit
38%
El Salvador
35%
Kiribati
34%
Mauritius
34%
Mikronesia
33%
Seychellit
33%
Israel
32%
Bahama
31%
Kap Verde
29%
Palau
28%
São Tomé ja Príncipe
28%
Malta
26%
Fidži
25%
Belize
24%
Komorit
24%
Salomonsaaret
24%
Yhdistyneet arabiemiraatit
24%
Jamaika
23%
Dominikaaninen tasavalta
22%
Tuvalu
22%
Kuwait
21%
Marshallinsaaret
21%
Päiväntasaajan Guinea
20%
Vanuatu
18%
Nauru
17%
Samoa
17%
Tonga
15%
Ehtoja vastaavia visoja ei löytynyt
Tulosjakauma
Jokaisen tuloksen saaneiden osuus
Persentiili vastausten määrän mukaan
Tuloshistoriasi
Et ole pelannut tätä visaa